| 000 | 00358nam a22001337a 4500 | ||
|---|---|---|---|
| 005 | 20260418113819.0 | ||
| 008 | 260417b |||||||| |||| 00| 0 eng d | ||
| 040 | _cUniversity library | ||
| 082 | _a001270 | ||
| 100 | _aMadhusudan Penna | ||
| 245 |
_aYogasaram _hSanskrit |
||
| 260 |
_aNew Delhi _bNew Bharatiya Book Corporation _c2020 |
||
| 942 |
_2ddc _cBK _k001270 |
||
| 999 |
_c1225 _d1225 |
||